000 00449cam a22001337a 4500
008 180718b1967 xxu||||| |||| 00| 0 eng d
082 _aRx54 In7l
245 _aLabour and the public sector in India
_cby Institute of Public Undertakings, India
260 _aDelhi
_bInstitute of Public Undertakings
_c1967
300 _a28p.
650 _aGovernment Enterprise - India
650 _aLabour - India
700 _aIndia. Institute of Public Undertakings
999 _c500907
_d500907